Οι τράπεζες και η κρίση : 1929-1932

Αποθηκεύτηκε σε:
Λεπτομέρειες βιβλιογραφικής εγγραφής
Κύριος συγγραφέας: Κωστής, Κώστας Π., 1957-
Μορφή: Βιβλίο
Γλώσσα:Greek
Δημοσίευση: Αθήνα : Ιστορικό Αρχείο Εμπορικής Τράπεζας της Ελλάδος, 1986.
Σειρά:Μελέτες νεοελληνικής ιστορίας
Θέματα:
Ετικέτες: Προσθήκη ετικέτας
Δεν υπάρχουν, Καταχωρήστε ετικέτα πρώτοι!

MARC

LEADER 00000cam a2200000 i 4500
001 1/36877
008 930928s1986 gr | ||| |||| ||gre||
035 |a 1990  |b 1  |c Δωρεά  |l 10024573 
040 |a GR-MyUa  |b gre  |e AACR2 
041 0 |a gre 
082 7 |a 332.109495   |2 (22) 
100 1 |a Κωστής, Κώστας Π.,  |d 1957- 
245 1 3 |a Οι τράπεζες και η κρίση :   |b 1929-1932 /   |c Κώστας Κωστής.  
260 |a Αθήνα :   |b Ιστορικό Αρχείο Εμπορικής Τράπεζας της Ελλάδος,   |c 1986.  
300 |a 169 σ. ;   |c 24 εκ.  
490 1 |a (Μελέτες νεοελληνικής ιστορίας ;   |v 3) 
500 |a Περιλαμβάνει ευρετήριο. 
650 0 |a Banks and banking  |z Greece  |x History  |y 19th century. 
650 0 |a Banks and banking  |z Greece. 
830 0 |a Μελέτες νεοελληνικής ιστορίας 
852 |a INST  |b CHIOS  |e 19960924  |h 332.109495 ΚΩΣ  |p 005200011622  |q 005200011622  |t BK  |y 0 
852 |a INST  |b CHIOS  |e 19960924  |h 332.109495 ΚΩΣ  |p 005200011623  |q 005200011623  |t BK  |y 0 
852 |a INST  |b LESVOS  |e 19960711  |h 332.109495 ΚΩΣ  |p 005100006260  |q 005100006260  |t BK  |y 0 
852 |a INST  |b RHODES  |e 19930928  |h 332.109495 ΚΩΣ  |p 005400003962  |q 005400003962  |t BK  |y 0 
922 |a 1ΕΛΗ  |b 198712 
970 |z 1993/09